|
|
|
|
| LEADER |
00000nam0a2200000 4500 |
| 001 |
293533 |
| 005 |
20231102000613.0 |
| 020 |
|
|
|a RU
|b 83-30052
|
| 035 |
|
|
|a (RuTPU)RU\TPU\book\318571
|
| 090 |
|
|
|a 293533
|
| 100 |
|
|
|a 20150502d1983 k y0rusy5003 ca
|
| 101 |
0 |
|
|a rus
|
| 102 |
|
|
|a RU
|
| 105 |
|
|
|a a z 001zy
|
| 200 |
1 |
|
|a Вариационный подход к задачам интерполяции физических полей
|f В. В. Веселов, Д. П. Гонтов, Л. М. Пустыльников
|g Академия наук СССР (АН СССР), Дальневосточный научный центр (ДНЦ), Тихоокеанский океанологический институт им. В. И. Ильичева (ТОИ) ; под ред. К. Т. Богданова
|
| 210 |
|
|
|a Москва
|c Наука
|d 1983
|
| 215 |
|
|
|a 120 с.
|c ил.
|
| 320 |
|
|
|a Библиография: с. 115-119
|
| 606 |
1 |
|
|a Математическая физика
|x Вариационные методы
|2 stltpush
|3 (RuTPU)RU\TPU\subj\41222
|9 61029
|
| 610 |
1 |
|
|a интерполяция
|
| 610 |
1 |
|
|a методы
|
| 610 |
1 |
|
|a многочлены
|
| 610 |
1 |
|
|a вариационное исчисление
|
| 610 |
1 |
|
|a многомерные поля
|
| 610 |
1 |
|
|a океанология
|
| 610 |
1 |
|
|a физические поля
|
| 675 |
|
|
|a 53:51
|v 4
|
| 700 |
|
1 |
|a Веселов
|b В. В.
|g Василий Васильевич
|
| 701 |
|
1 |
|a Гонтов
|b Д. П.
|g Дмитрий Петрович
|
| 701 |
|
1 |
|a Пустыльников
|b Л. М.
|g Леонид Моисеевич
|
| 702 |
|
1 |
|a Богданов
|b К. Т.
|4 340
|
| 712 |
0 |
2 |
|a Академия наук СССР (АН СССР)
|b Дальневосточный научный центр (ДНЦ)
|b Тихоокеанский океанологический институт им. В. И. Ильичева (ТОИ)
|c (Владивосток)
|2 stltpush
|3 (RuTPU)RU\TPU\col\11564
|
| 801 |
|
0 |
|a RU
|b RuMRKP
|c 19950704
|g psbo
|
| 801 |
|
1 |
|a RU
|b 63413507
|c 20150502
|
| 801 |
|
2 |
|a RU
|b 63413507
|c 20170720
|g RCR
|
| 942 |
|
|
|c BK
|